000 00588nam a2200217 i 4500
001 bgj
100 1 _aFALK, Randee
245 1 0 _aSpotlight on the USA /
_cRandee Falk.
260 _aNew York :
_bOxford University Press,
_cc. 1993.
300 _a172 pp :
_bill. ;
_c26 cm.
490 1 _aOxford American English
651 9 _aUnited States
_xCiviliaztion
651 9 _aUnited States
_xGeography
830 _aOxford American English
020 _a019434235
040 _cBPK
041 0 _aeng
920 _a0-19-434235
942 _cKS
008 s uk f |000 0 eng
999 _c47737
_d47737
856 _uhttp://koha.tu.koszalin.pl/cgi-bin/koha/opac-detail.pl?biblionumber=47737
_yKatalog online BPK